| 000 | 00338nam a22001337a 4500 | ||
|---|---|---|---|
| 008 | 220124b ||||| |||| 00| 0 eng d | ||
| 020 | _a9789351506300 | ||
| 082 |
_a355 _b1 |
||
| 100 |
_aKumar Vineeth.V.,etal _97526 |
||
| 245 | _aMilitary Psychology | ||
| 260 |
_aNew Delhi _bSAGE Publications _c2016 |
||
| 300 | _a354.P | ||
| 942 |
_2ddc _cBK |
||
| 999 |
_c11953 _d11953 |
||